[Event "Toronto op"]
[Site "Toronto CAN"]
[Date "1999.04.02"]
[Round "2"]
[White "Inocencio, Herminio"]
[Black "Cohen, David"]
[Result "1/2-1/2"]
[WhiteElo "2065"]
[BlackElo "2029"]
[PlyCount "155"]
[GameId "2160767911805247"]
[EventDate "1999.04.02"]
[EventType "swiss"]
[EventRounds "6"]
[EventCountry "CAN"]

1. d4 d5 2. e3 Bf5 3. Nf3 Nf6 4. Nbd2 e6 5. Ne5 Be7 6. Be2 O-O 7. O-O c5 8. c3 Qc7 9. f4 Nc6 10. g4 Be4 11. g5 Nd7 12. Nxe4 dxe4 13. Ng4 cxd4 14. exd4 Rad8 15. Qe1 f5 16. gxf6 Nxf6 17. Nxf6+ Rxf6 18. Bd1 Bd6 19. Qxe4 Ne7 20. Bb3 Nd5 21. Bd2 Bxf4 22. Bxf4 Nxf4 23. Rf3 Rdf8 24. Rg3 Qc6 25. Re1 Qxe4 26. Rxe4 Rd8 27. h3 b5 28. Kh2 a6 29. Rge3 Nd5 30. Rxe6 Kf8 31. Bxd5 Rxd5 32. Rxf6+ gxf6 33. Re6 Rf5 34. Kg3 a5 35. Rb6 Kf7 36. b3 Ke7 37. Rb7+ Kd6 38. Rxh7 Kd5 39. Rb7 Ke4 40. Ra7 Rf3+ 41. Kg2 Rxc3 42. Rxa5 Kxd4 43. Ra7 Ke4 44. Re7+ Kf4 45. Re2 Rg3+ 46. Kh2 Rc3 47. Rf2+ Kg5 48. Rb2 f5 49. Rg2+ Kh4 50. Rf2 Kg5 51. Kg2 f4 52. Rf3 Rc2+ 53. Rf2 Rc3 54. Kh2 Kf5 55. Kg2 Rg3+ 56. Kh2 Ke4 57. Re2+ Re3 58. Rf2 Rc3 59. Kg2 Rg3+ 60. Kh2 Rg5 61. Rg2 Rf5 62. h4 Rf8 63. Kg1 Ke3 64. Kf1 f3 65. Rg5 Ra8 66. Re5+ Kf4 67. Re7 Rxa2 68. h5 Rh2 69. Rf7+ Ke3 70. Re7+ Kd4 71. Rd7+ Kc3 72. Rh7 Kxb3 73. h6 b4 74. Rh8 Kb2 75. h7 b3 76. Kg1 f2+ 77. Kf1 Kb1 78. Ke2 1/2-1/2

[Event "Toronto op"]
[Site "Toronto CAN"]
[Date "1999.04.03"]
[Round "3"]
[White "Cohen, David"]
[Black "Leblanc, Paul"]
[Result "1/2-1/2"]
[WhiteElo "2029"]
[BlackElo "2052"]
[PlyCount "52"]
[GameId "2160767911805248"]
[EventDate "1999.04.02"]
[EventType "swiss"]
[EventRounds "6"]
[EventCountry "CAN"]

1. d4 d5 2. c4 c6 3. e3 Bf5 4. Nc3 Nf6 5. Bd3 Bxd3 6. Qxd3 e6 7. Nf3 Nbd7 8. O-O Bd6 9. e4 dxe4 10. Nxe4 Nxe4 11. Qxe4 Nf6 12. Qh4 Qa5 13. Bg5 Qf5 14. Rfe1 h6 15. Bxf6 gxf6 16. d5 Rg8 17. Nd4 Qg4 18. Qxg4 Rxg4 19. Nf5 Be5 20. dxe6 fxe6 21. Ne3 Rd4 22. Rad1 Rad8 23. Rxd4 Rxd4 24. Rd1 Rxd1+ 25. Nxd1 Bd4 26. Kf1 Kd7 1/2-1/2

[Event "Toronto op"]
[Site "Toronto CAN"]
[Date "1999.04.03"]
[Round "4"]
[White "Cohen, David"]
[Black "Wang, Haoyuan"]
[Result "1/2-1/2"]
[WhiteElo "2029"]
[BlackElo "2031"]
[PlyCount "76"]
[GameId "2160767911805249"]
[EventDate "1999.04.02"]
[EventType "swiss"]
[EventRounds "6"]
[EventCountry "CAN"]

1. d4 d5 2. c4 c6 3. e3 Nf6 4. Nc3 a6 5. Nf3 Bf5 6. Bd3 Bg6 7. O-O Nbd7 8. Re1 e6 9. e4 dxe4 10. Nxe4 Bb4 11. Bd2 Bxd2 12. Qxd2 O-O 13. Nd6 Qc7 14. c5 Nd5 15. Bxg6 hxg6 16. b4 N7f6 17. Rab1 Ne7 18. Qg5 Nf5 19. Nxf5 gxf5 20. Qh4 Rad8 21. Rbd1 Rd5 22. Re5 Rfd8 23. Rxd5 Rxd5 24. g3 Qd8 25. Qf4 Ne4 26. Qe3 a5 27. a3 Qa8 28. Qb3 a4 29. Qb2 Qa6 30. Qc2 Kf8 31. Ne5 Ke7 32. Nc4 g5 33. Nb6 Rd8 34. f3 Nf6 35. Kf2 Nd5 36. Nxd5+ Rxd5 37. Qe2 Qa8 38. Qe3 Qg8 1/2-1/2

[Event "Toronto op"]
[Site "Toronto CAN"]
[Date "1999.04.04"]
[Round "5"]
[White "Mitrovic, Bojana"]
[Black "Cohen, David"]
[Result "0-1"]
[WhiteElo "1855"]
[BlackElo "2029"]
[PlyCount "98"]
[GameId "2160767911805250"]
[EventDate "1999.04.02"]
[EventType "swiss"]
[EventRounds "6"]
[EventCountry "CAN"]

1. d4 Nf6 2. g3 g6 3. Bg2 Bg7 4. Nf3 O-O 5. O-O d6 6. c4 c5 7. Nc3 cxd4 8. Nxd4 a6 9. e4 e6 10. h3 Qc7 11. Qe2 Nc6 12. Rd1 Bd7 13. Be3 Rab8 14. Rd2 Rfc8 15. Rad1 Ne5 16. b3 b5 17. f4 Nxc4 18. bxc4 Qxc4 19. Qxc4 Rxc4 20. Nce2 Rbc8 21. e5 dxe5 22. fxe5 Nd5 23. Bf4 h6 24. h4 Bf8 25. Nb3 Bb4 26. Bxd5 exd5 27. Rxd5 Bg4 28. Rd8+ Kh7 29. Rxc8 Rxc8 30. Nbd4 Bc5 31. Kf1 Bh3+ 32. Ke1 Bg4 33. Rc1 Kg7 34. Nb3 Bb4+ 35. Kf2 Rd8 36. Ned4 Rd5 37. Rc7 g5 38. hxg5 hxg5 39. Bxg5 Rxe5 40. Rc6 Rxg5 41. Rxa6 Re5 42. Rb6 Be1+ 43. Kg2 b4 44. Na5 Rxa5 45. Nc2 Rxa2 46. Kf1 Bxg3 47. Ne3 Bh3+ 48. Ng2 Bxg2+ 49. Kg1 Bh3 0-1

[Event "Toronto op"]
[Site "Toronto CAN"]
[Date "1999.04.04"]
[Round "6"]
[White "Evans, Bill"]
[Black "Cohen, David"]
[Result "1-0"]
[WhiteElo "2084"]
[BlackElo "2029"]
[PlyCount "94"]
[GameId "2160767911805251"]
[EventDate "1999.04.02"]
[EventType "swiss"]
[EventRounds "6"]
[EventCountry "CAN"]

1. Nf3 Nf6 2. d4 g6 3. c4 Bg7 4. Nc3 O-O 5. e4 d6 6. Be2 e5 7. O-O exd4 8. Nxd4 Re8 9. f3 c6 10. Kh1 Nbd7 11. Nc2 Ne5 12. b3 Qc7 13. Bb2 Be6 14. f4 Neg4 15. f5 h5 16. fxe6 Rxe6 17. Bxg4 Nxg4 18. h3 Nf6 19. Nd4 Re7 20. Qd2 Rae8 21. Nf3 Rxe4 22. Rae1 Qb6 23. Rxe4 Rxe4 24. Re1 Rxe1+ 25. Qxe1 d5 26. cxd5 cxd5 27. Na4 Qd6 28. Be5 Qa6 29. Nc3 Qe6 30. Nd4 Qe7 31. Nf3 Qe6 32. Bd4 a6 33. Qxe6 fxe6 34. Ng5 Ne8 35. Nxe6 Bxd4 36. Nxd4 Nc7 37. Kg1 Kf7 38. Kf2 Kf6 39. Ke3 Ke5 40. Nf3+ Kd6 41. b4 b5 42. Ne2 a5 43. bxa5 Kc5 44. Nf4 Kb4 45. Kd4 Kxa5 46. Nxd5 Ne6+ 47. Ke5 Nc5 1-0

[Event "Toronto-ch"]
[Site "Toronto CAN"]
[Date "1999.01.26"]
[Round "3"]
[White "Chatzilias, Alexis"]
[Black "Moffat, Andrei"]
[Result "0-1"]
[WhiteElo "2213"]
[BlackElo "2278"]
[PlyCount "68"]
[GameId "2160767911805742"]
[EventDate "1999.01.19"]
[EventType "tourn"]
[EventRounds "9"]
[EventCountry "CAN"]
[SourceTitle "CFC 1999.04"]
[Source "CFC"]
[SourceDate "1999.04.??"]
[SourceVersionDate "1999.04.??"]
[SourceQuality "1"]

1. d4 c5 2. d5 d6 3. c4 e5 4. Nc3 f5 5. e4 Nf6 6. f3 f4 7. g3 Be7 8. gxf4 exf4 9. Bxf4 O-O 10. Qd2 Nh5 11. Be3 Bh4+ 12. Kd1 Qf6 13. Kc2 Nd7 14. Be2 Ne5 15. Rf1 Ng6 16. Bd1 Nhf4 17. Nce2 Ng2 18. f4 Ne5 19. fxe5 Qxf1 20. e6 Be1 21. Qd3 Bg3 22. Bd2 Ne1+ 23. Bxe1 Bxe1 24. h4 b5 25. cxb5 a6 26. bxa6 Bxa6 27. Qh3 Qf6 28. Nc3 Qd4 29. e7 Qd2+ 30. Kb1 Bd3+ 31. Qxd3 Qxd3+ 32. Bc2 Qf1 33. exf8=Q+ Rxf8 34. Nd1 Qg2 0-1

[Event "Toronto-ch"]
[Site "Toronto CAN"]
[Date "1999.01.28"]
[Round "4"]
[White "Lamb, Bryan"]
[Black "Moffat, Andrei"]
[Result "0-1"]
[WhiteElo "2271"]
[BlackElo "2278"]
[PlyCount "78"]
[GameId "2160767911805743"]
[EventDate "1999.01.19"]
[EventType "tourn"]
[EventRounds "9"]
[EventCountry "CAN"]

1. c4 c5 2. Nc3 g6 3. Nf3 Bg7 4. d4 cxd4 5. Nxd4 Nc6 6. Nc2 Bxc3+ 7. bxc3 Nf6 8. f3 Qa5 9. Qd2 Qa4 10. e4 Na5 11. e5 Nh5 12. Nb4 Ng7 13. Bd3 Nc6 14. Nd5 Ne6 15. f4 b6 16. g4 Ba6 17. f5 Bxc4 18. Bxc4 Qxc4 19. fxe6 fxe6 20. Nc7+ Kd8 21. Nxa8 Qe4+ 22. Qe2 Qxh1+ 23. Kd2 Qd5+ 24. Kc2 Rf8 25. Bh6 Qf3 26. Qxf3 Rxf3 27. Rb1 Nxe5 28. Nxb6 axb6 29. Rxb6 Nxg4 30. Bd2 Kc7 31. Rb4 h5 32. a4 Rf5 33. h3 Nf6 34. Bf4+ d6 35. Be3 Nd5 36. Re4 Nxe3+ 37. Rxe3 Kb6 38. Kb3 Rf4 39. Rd3 d5 0-1

[Event "Toronto-ch"]
[Site "Toronto CAN"]
[Date "1999.01.28"]
[Round "4"]
[White "Ochkoos, Jura"]
[Black "Chatzilias, Alexis"]
[Result "1-0"]
[WhiteElo "2421"]
[BlackElo "2213"]
[PlyCount "45"]
[GameId "2160767911805744"]
[EventDate "1999.01.19"]
[EventType "tourn"]
[EventRounds "9"]
[EventCountry "CAN"]

1. d4 Nf6 2. c4 c5 3. e3 g6 4. Nf3 Bg7 5. Nc3 O-O 6. h3 d5 7. Be2 Nc6 8. O-O cxd4 9. exd4 b6 10. Be3 dxc4 11. Bxc4 Bb7 12. Qe2 Nb4 13. Rfd1 Nbd5 14. Bd2 Rc8 15. Ba6 Qc7 16. Rac1 Qb8 17. Ne5 Rfd8 18. Bc4 Qa8 19. f3 a6 20. Bb3 e6 21. Qe1 Nxc3 22. bxc3 b5 23. Nxf7 1-0

[Event "Toronto-ch"]
[Site "Toronto CAN"]
[Date "1999.01.28"]
[Round "4"]
[White "Xu, Sheng Jun"]
[Black "Glinert, Stephen"]
[Result "0-1"]
[WhiteElo "2161"]
[BlackElo "2322"]
[PlyCount "74"]
[GameId "2160767911805745"]
[EventDate "1999.01.19"]
[EventType "tourn"]
[EventRounds "9"]
[EventCountry "CAN"]

1. e4 d6 2. d4 Nf6 3. Nc3 g6 4. f4 Bg7 5. Nf3 O-O 6. Bd3 Nc6 7. e5 dxe5 8. fxe5 Nh5 9. Be3 Bg4 10. Be2 f6 11. e6 f5 12. d5 Ne5 13. Nxe5 Bxe2 14. Qxe2 Bxe5 15. Bh6 Bg7 16. Bxg7 Kxg7 17. O-O-O a6 18. Qe5+ Nf6 19. g4 fxg4 20. Ne4 Kg8 21. h3 Nxe4 22. Qxe4 g3 23. d6 cxd6 24. Rd5 Qb6 25. Rg5 Rf6 26. Rxg3 Raf8 27. Re1 Qf2 28. Rge3 Rf3 29. R3e2 Qb6 30. Rg2 R8f6 31. Qa4 Rf1 32. Rge2 Rxe1+ 33. Rxe1 Qf2 34. Qa5 Kg7 35. Qc3 Qf4+ 36. Kb1 Qf3 37. Qc7 Rxe6 0-1

[Event "Toronto-ch"]
[Site "Toronto CAN"]
[Date "1999.02.09"]
[Round "7"]
[White "Glinert, Stephen"]
[Black "Ochkoos, Jura"]
[Result "1/2-1/2"]
[WhiteElo "2322"]
[BlackElo "2421"]
[PlyCount "77"]
[GameId "2160767911805746"]
[EventDate "1999.01.19"]
[EventType "tourn"]
[EventRounds "9"]
[EventCountry "CAN"]

1. e4 e5 2. Nf3 Nc6 3. d4 exd4 4. Nxd4 Bc5 5. Be3 Qf6 6. c3 Nge7 7. Bc4 Ne5 8. Be2 d5 9. O-O O-O 10. Nd2 Bb6 11. f4 Qh6 12. Kh1 N5c6 13. Nc2 dxe4 14. Bxb6 axb6 15. Nxe4 Bf5 16. Ng3 Rfd8 17. Qc1 Bd3 18. Nd4 Bxe2 19. Ndxe2 Nd5 20. Nf5 Qf6 21. Neg3 Re8 22. Qd2 Rad8 23. Rae1 Nde7 24. Qe2 Kf8 25. Nxe7 Rxe7 26. Qh5 Rxe1 27. Rxe1 Re8 28. Rxe8+ Kxe8 29. Qg4 g6 30. h3 Ne7 31. Ne4 Qc6 32. Ng5 h6 33. Nf3 Nf5 34. Nd4 Nxd4 35. cxd4 f5 36. Qe2+ Kf7 37. Qe5 h5 38. Kh2 h4 39. a3 1/2-1/2

[Event "Toronto-ch"]
[Site "Toronto CAN"]
[Date "1999.02.09"]
[Round "7"]
[White "Kumana, Jekeswaran"]
[Black "Lamb, Bryan"]
[Result "0-1"]
[WhiteElo "2181"]
[BlackElo "2271"]
[PlyCount "84"]
[GameId "2160767911805747"]
[EventDate "1999.01.19"]
[EventType "tourn"]
[EventRounds "9"]
[EventCountry "CAN"]

1. e4 c5 2. Nf3 d6 3. d4 cxd4 4. Nxd4 Nf6 5. Nc3 g6 6. Be3 Bg7 7. f3 O-O 8. Qd2 Nc6 9. Bc4 Bd7 10. h4 Qa5 11. Bb3 Rfc8 12. h5 Nxh5 13. g4 Nf6 14. O-O-O Ne5 15. Kb1 Nc4 16. Bxc4 Rxc4 17. Nb3 Qa6 18. Bh6 Be6 19. Bxg7 Kxg7 20. Qh6+ Kh8 21. g5 Nh5 22. Rxh5 gxh5 23. Rh1 Rg8 24. Qxh5 Rg7 25. f4 Rxc3 26. bxc3 d5 27. f5 Bc8 28. Qh4 f6 29. g6 Qc4 30. Nd4 dxe4 31. Qxe4 Qxc3 32. Rxh7+ Rxh7 33. gxh7 Qb4+ 34. Ka1 Bxf5 35. Qxf5 Qxd4+ 36. Kb1 Qb4+ 37. Ka1 Qe1+ 38. Kb2 Qe5+ 39. Qxe5 fxe5 40. c4 Kxh7 41. a4 Kg6 42. a5 Kf5 0-1

[Event "Toronto-ch"]
[Site "Toronto CAN"]
[Date "1999.02.09"]
[Round "7"]
[White "Moffat, Andrei"]
[Black "Gandolfi, Fred"]
[Result "1-0"]
[WhiteElo "2105"]
[BlackElo "2278"]
[PlyCount "57"]
[GameId "2160767911805748"]
[EventDate "1999.01.19"]
[EventType "tourn"]
[EventRounds "9"]
[EventCountry "CAN"]

1. g3 Nf6 2. Bg2 e5 3. d4 exd4 4. Nf3 d5 5. Nxd4 c6 6. O-O Be7 7. a4 O-O 8. a5 Na6 9. Bf4 Bd7 10. Nd2 Qc8 11. Re1 Bh3 12. Bh1 Nh5 13. e3 Nxf4 14. exf4 Bf6 15. N2f3 Qc7 16. Ne5 Rae8 17. Qe2 Bc8 18. Ra3 Nc5 19. b4 Nd7 20. Re3 g6 21. b5 c5 22. b6 axb6 23. Nb5 Qb8 24. Bxd5 Nxe5 25. fxe5 Be7 26. axb6 Bd7 27. e6 Bxe6 28. Bxe6 fxe6 29. Rxe6 1-0

[Event "Toronto-ch"]
[Site "Toronto CAN"]
[Date "1999.02.09"]
[Round "7"]
[White "Xu, Sheng Jun"]
[Black "Southam, David"]
[Result "0-1"]
[WhiteElo "2161"]
[BlackElo "2203"]
[PlyCount "44"]
[GameId "2160767911805749"]
[EventDate "1999.01.19"]
[EventType "tourn"]
[EventRounds "9"]
[EventCountry "CAN"]

1. e4 g6 2. d4 Bg7 3. Nc3 c6 4. f4 d5 5. e5 h5 6. Be3 Nh6 7. Bd3 Na6 8. a3 Nc7 9. Nf3 Bf5 10. Nh4 Bxd3 11. Qxd3 e6 12. g3 b5 13. O-O Nf5 14. Nxf5 gxf5 15. Rf2 Kd7 16. Raf1 Qg8 17. Rg2 Qh7 18. Na2 Rag8 19. b3 Bf8 20. c4 h4 21. Kf2 Be7 22. Rfg1 h3 0-1

[Event "Toronto-ch Reserves"]
[Site "Toronto CAN"]
[Date "1999.01.21"]
[Round "1"]
[White "Dutton, Warren"]
[Black "Cohen, David"]
[Result "1/2-1/2"]
[WhiteElo "1984"]
[BlackElo "2043"]
[PlyCount "49"]
[GameId "2160767911805750"]
[EventDate "1999.01.19"]
[EventType "tourn"]
[EventRounds "9"]
[EventCountry "CAN"]

1. e4 e6 2. d4 d5 3. Nd2 c5 4. c3 Nc6 5. Ngf3 Qb6 6. exd5 exd5 7. Nb3 c4 8. Nbd2 Nf6 9. Be2 Bd6 10. O-O O-O 11. b3 cxb3 12. axb3 Bg4 13. Bb2 Rfe8 14. c4 Qc7 15. g3 Bb4 16. Rc1 Re6 17. Ne5 Bxe2 18. Qxe2 Nxe5 19. dxe5 Qa5 20. Rfd1 d4 21. f4 Bc3 22. Bxc3 dxc3 23. Ne4 Nxe4 24. Qxe4 Qb6+ 25. Qd4 1/2-1/2

[Event "Toronto-ch Reserves"]
[Site "Toronto CAN"]
[Date "1999.01.24"]
[Round "2"]
[White "Cohen, David"]
[Black "Bergeron, Florian"]
[Result "0-1"]
[WhiteElo "2043"]
[BlackElo "2054"]
[PlyCount "124"]
[GameId "2160767911805751"]
[EventDate "1999.01.19"]
[EventType "tourn"]
[EventRounds "9"]
[EventCountry "CAN"]

1. e4 Nf6 2. Nc3 d5 3. e5 Nfd7 4. d4 e6 5. Be3 c5 6. f4 Nc6 7. Nf3 cxd4 8. Nxd4 Bc5 9. Be2 Nxd4 10. Bxd4 Bxd4 11. Qxd4 O-O 12. O-O-O a6 13. h4 b5 14. h5 f6 15. Nxd5 fxe5 16. fxe5 Qg5+ 17. Qe3 Qxe3+ 18. Nxe3 Nxe5 19. Ng4 Nxg4 20. Bxg4 e5 21. Bf3 Rb8 22. Bd5+ Kh8 23. Rhf1 Bg4 24. Rde1 Rf6 25. h6 Rbf8 26. hxg7+ Kxg7 27. Rxf6 Kxf6 28. Rf1+ Ke7 29. Rxf8 Kxf8 30. Kd2 Ke7 31. Ke3 Kd6 32. Be4 h6 33. Bb7 a5 34. c3 Be6 35. b3 a4 36. bxa4 bxa4 37. a3 Bd5 38. Ba6 Bxg2 39. Bb5 Bc6 40. Be2 Be8 41. c4 h5 42. Kf2 h4 43. Kg2 Bd7 44. Kf3 h3 45. Kg3 Kc5 46. Bd3 Kd4 47. Be2 Be6 48. Bd1 Bd7 49. Be2 e4 50. Bf1 e3 51. Kf4 Bc6 52. Kg3 Bg2 53. Be2 Kc3 54. c5 Kd2 55. Bb5 e2 56. Bxe2 Kxe2 57. c6 Bxc6 58. Kxh3 Kd2 59. Kg3 Kc3 60. Kf2 Kb3 61. Ke1 Kxa3 62. Kd2 Kb2 0-1

[Event "Toronto-ch Reserves"]
[Site "Toronto CAN"]
[Date "1999.01.26"]
[Round "3"]
[White "Riwanto, Hendry"]
[Black "Cohen, David"]
[Result "1-0"]
[WhiteElo "1987"]
[BlackElo "2043"]
[PlyCount "83"]
[GameId "2160767911805752"]
[EventDate "1999.01.19"]
[EventType "tourn"]
[EventRounds "9"]
[EventCountry "CAN"]

1. d4 Nf6 2. Nf3 g6 3. Bf4 d6 4. e3 Bg7 5. Bc4 O-O 6. O-O Bg4 7. c3 c5 8. Nbd2 cxd4 9. exd4 Nc6 10. h3 Bf5 11. Re1 Rc8 12. Nh4 Bd7 13. Qe2 Re8 14. Nhf3 a6 15. Rad1 b5 16. Bb3 Na5 17. Bc2 Nc4 18. Nxc4 bxc4 19. Qd2 Qa5 20. Bg5 Nd5 21. Be4 e6 22. h4 Bc6 23. h5 Nf6 24. Bxc6 Rxc6 25. Bxf6 Bxf6 26. d5 Rb6 27. dxe6 fxe6 28. hxg6 hxg6 29. Qf4 Qf5 30. Qxc4 Rxb2 31. Rxd6 Qc2 32. Rf1 Qxc3 33. Qxa6 Qc8 34. Qd3 Kf7 35. Rd7+ Re7 36. Rxe7+ Kxe7 37. Nh4 Rxa2 38. Nxg6+ Kf7 39. Nf4 Ra1 40. Qh7+ Ke8 41. Qg8+ Kd7 42. Qxe6+ 1-0

[Event "Toronto-ch Reserves"]
[Site "Toronto CAN"]
[Date "1999.01.28"]
[Round "4"]
[White "Cohen, David"]
[Black "Buscar, Michael"]
[Result "1-0"]
[WhiteElo "2043"]
[BlackElo "2015"]
[PlyCount "33"]
[GameId "2160767911805753"]
[EventDate "1999.01.19"]
[EventType "tourn"]
[EventRounds "9"]
[EventCountry "CAN"]

1. d4 d5 2. c4 e6 3. Nc3 c6 4. e4 dxe4 5. Nxe4 Nf6 6. Nxf6+ Qxf6 7. Nf3 Bb4+ 8. Bd2 Bxd2+ 9. Qxd2 O-O 10. Bd3 Nd7 11. O-O c5 12. Rad1 cxd4 13. Nxd4 Ne5 14. Bb1 Nxc4 15. Qc2 Rd8 16. Qxh7+ Kf8 17. Qh8+ 1-0

[Event "Toronto-ch Reserves"]
[Site "Toronto CAN"]
[Date "1999.01.28"]
[Round "4"]
[White "Hacatoglu, Kevork"]
[Black "Dutton, Warren"]
[Result "0-1"]
[WhiteElo "2099"]
[BlackElo "2011"]
[PlyCount "66"]
[GameId "2160767911805754"]
[EventDate "1999.01.19"]
[EventType "tourn"]
[EventRounds "9"]
[EventCountry "CAN"]

1. e4 e5 2. Nf3 Nc6 3. Bc4 Nf6 4. d4 exd4 5. O-O d6 6. Nxd4 Ne5 7. Bb3 c5 8. Nb5 a6 9. f4 Bg4 10. Qe1 axb5 11. fxe5 dxe5 12. Qg3 Qd4+ 13. Be3 Qxb2 14. Bxf7+ Kxf7 15. Qxg4 Qxa1 16. Rxf6+ gxf6 17. Qh5+ Ke6 18. Qf5+ Kd6 19. Qxf6+ Kc7 20. Qf7+ Kb6 21. Qe6+ Ka5 22. Qb3 Rd8 23. c4 b4 24. h3 Rd4 25. Kh2 Bg7 26. Bc1 Rhd8 27. Bg5 R8d7 28. Qc2 Rd1 29. Nd2 R7xd2 30. Bxd2 Qb1 31. Bxb4+ cxb4 32. Qf2 Rh1+ 33. Kg3 Qe1 0-1

[Event "Toronto-ch Reserves"]
[Site "Toronto CAN"]
[Date "1999.01.28"]
[Round "4"]
[White "Haziprodromu, Sam"]
[Black "Bergeron, Florian"]
[Result "0-1"]
[WhiteElo "1948"]
[BlackElo "2054"]
[PlyCount "126"]
[GameId "2160767911805755"]
[EventDate "1999.01.19"]
[EventType "tourn"]
[EventRounds "9"]
[EventCountry "CAN"]

1. Nf3 Nf6 2. d4 g6 3. c4 Bg7 4. Nc3 O-O 5. g3 d6 6. Bg2 Nbd7 7. O-O e5 8. e4 c6 9. h3 Re8 10. Be3 exd4 11. Nxd4 Nc5 12. Qc2 a5 13. Rad1 Qe7 14. Bg5 h6 15. Bc1 Qf8 16. Rfe1 Nh7 17. Nde2 f5 18. Bf4 Be5 19. Qd2 Bxf4 20. Qxf4 fxe4 21. Rxd6 Qxf4 22. Nxf4 Bf5 23. g4 g5 24. Nh5 Re6 25. Rxe6 Bxe6 26. b3 Bf7 27. Ng3 Bg6 28. Ngxe4 Re8 29. Re3 Nxe4 30. Bxe4 Bxe4 31. Nxe4 Rd8 32. Rf3 Kg7 33. Ng3 Nf8 34. Nh5+ Kg8 35. Rf6 Rd2 36. Rxh6 Rxa2 37. Rd6 a4 38. bxa4 Rxa4 39. Nf6+ Kf7 40. c5 Ne6 41. Nd7 Ke7 42. Rd3 Ra5 43. Ne5 Nxc5 44. Re3 Ra1+ 45. Kg2 Kf6 46. h4 gxh4 47. f4 Rd1 48. Rh3 Ne6 49. Rf3 Nxf4+ 50. Rxf4+ Kxe5 51. Rf7 b5 52. Kf3 Rf1+ 53. Kg2 Rd1 54. Kh3 b4 55. Kxh4 b3 56. Rb7 Rd3 57. g5 c5 58. g6 c4 59. g7 Rd8 60. Kg4 Rg8 61. Kf3 Kd4 62. Ke2 Kc3 63. Ke1 Kc2 0-1

[Event "Toronto-ch Reserves"]
[Site "Toronto CAN"]
[Date "1999.01.28"]
[Round "4"]
[White "Stevens, Christian"]
[Black "Riwanto, Hendry"]
[Result "1-0"]
[WhiteElo "1929"]
[BlackElo "1961"]
[PlyCount "41"]
[GameId "2160767911805756"]
[EventDate "1999.01.19"]
[EventType "tourn"]
[EventRounds "9"]
[EventCountry "CAN"]

1. e4 c5 2. Nf3 d6 3. d4 cxd4 4. Nxd4 Nf6 5. Nc3 g6 6. f4 Bg7 7. e5 dxe5 8. fxe5 Nd5 9. Bb5+ Kf8 10. Qf3 Nc7 11. Bc4 e6 12. Qe4 Nd7 13. Bf4 Nc5 14. Qe3 b6 15. O-O-O Qe8 16. Ndb5 N5a6 17. Nd6 Qc6 18. Rhf1 Bd7 19. Bh6 Be8 20. Qf4 Rd8 21. Qxf7+ 1-0

[Event "Toronto-ch Reserves"]
[Site "Toronto CAN"]
[Date "1999.01.28"]
[Round "4"]
[White "Sumangil, Tracy"]
[Black "Stroud, Mike"]
[Result "0-1"]
[WhiteElo "2165"]
[BlackElo "1995"]
[PlyCount "54"]
[GameId "2160767911805757"]
[EventDate "1999.01.19"]
[EventType "tourn"]
[EventRounds "9"]
[EventCountry "CAN"]

1. d4 Nf6 2. c4 c5 3. d5 d6 4. Nc3 g6 5. e4 Bg7 6. f4 O-O 7. Nf3 e6 8. Bd3 exd5 9. cxd5 a6 10. a4 Bg4 11. O-O Nbd7 12. Qc2 Bxf3 13. Rxf3 Qc7 14. Bc4 Rfe8 15. Kh1 Nb6 16. Bf1 Re7 17. a5 Nbd7 18. Bd2 Rae8 19. Bc4 Nxe4 20. Nxe4 Rxe4 21. Bd3 R4e7 22. f5 Ne5 23. fxg6 hxg6 24. Rh3 c4 25. Be4 Ng4 26. Bc3 Rxe4 27. Bxg7 Re1+ 0-1

[Event "Toronto-ch Reserves"]
[Site "Toronto CAN"]
[Date "1999.02.02"]
[Round "5"]
[White "Bergeron, Florian"]
[Black "Stroud, Mike"]
[Result "0-1"]
[WhiteElo "2054"]
[BlackElo "1995"]
[PlyCount "86"]
[GameId "2160767911805758"]
[EventDate "1999.01.19"]
[EventType "tourn"]
[EventRounds "9"]
[EventCountry "CAN"]
[SourceTitle "CFC 1999.04"]
[Source "CFC"]
[SourceDate "1999.04.??"]
[SourceVersionDate "1999.04.??"]
[SourceQuality "1"]

1. d4 Nf6 2. c4 e6 3. Nc3 Bb4 4. e3 c5 5. Bd3 O-O 6. Nf3 Nc6 7. O-O Bxc3 8. bxc3 d6 9. e4 e5 10. d5 Ne7 11. Bg5 Ng6 12. h3 h6 13. Be3 Nh5 14. Re1 Nhf4 15. Bf1 f5 16. exf5 Bxf5 17. Kh2 Qf6 18. Ng1 Rf7 19. g3 Raf8 20. gxf4 exf4 21. Bd2 Qh4 22. Qf3 Ne5 23. Rxe5 dxe5 24. Re1 Qf6 25. Bd3 g5 26. Bxf5 Qxf5 27. Qe4 Qxe4 28. Rxe4 Re8 29. Kg2 Kg7 30. f3 Rf6 31. Be1 Ra6 32. Re2 Kf6 33. Bf2 b6 34. h4 Kf5 35. Rd2 Ra4 36. hxg5 hxg5 37. Be1 Rxc4 38. Re2 Rd8 39. Rd2 Rxc3 40. Nh3 Rc1 41. Bf2 g4 42. fxg4+ Kxg4 43. Ng1 e4 0-1

[Event "Toronto-ch Reserves"]
[Site "Toronto CAN"]
[Date "1999.02.02"]
[Round "5"]
[White "Hacatoglu, Kevork"]
[Black "Riwanto, Hendry"]
[Result "1-0"]
[WhiteElo "2099"]
[BlackElo "1961"]
[PlyCount "50"]
[GameId "2160767911805759"]
[EventDate "1999.01.19"]
[EventType "tourn"]
[EventRounds "9"]
[EventCountry "CAN"]
[SourceTitle "CFC 1999.04"]
[Source "CFC"]
[SourceDate "1999.04.??"]
[SourceVersionDate "1999.04.??"]
[SourceQuality "1"]

1. e4 c5 2. Nf3 d6 3. d4 cxd4 4. Nxd4 Nf6 5. Nc3 g6 6. Be3 Bg7 7. f3 Nc6 8. Qd2 O-O 9. O-O-O Nxd4 10. Bxd4 Be6 11. Kb1 Qc7 12. g4 Rfc8 13. h4 Rab8 14. Nb5 Qd7 15. Nxa7 Ra8 16. a3 Rxa7 17. Bxa7 Qa4 18. Be3 Nxe4 19. fxe4 Ba2+ 20. Kxa2 Rxc2 21. Bb5 Qxe4 22. Rhe1 Qe6+ 23. Kb1 Rxd2 24. Rxd2 Qxg4 25. Bd3 Qxh4 1-0

[Event "Toronto-ch Reserves"]
[Site "Toronto CAN"]
[Date "1999.02.02"]
[Round "5"]
[White "Stroud, Mike"]
[Black "Cohen, David"]
[Result "1-0"]
[WhiteElo "2165"]
[BlackElo "2043"]
[PlyCount "77"]
[GameId "2160767911805760"]
[EventDate "1999.01.19"]
[EventType "tourn"]
[EventRounds "9"]
[EventCountry "CAN"]

1. e4 c5 2. Nf3 d6 3. d4 cxd4 4. Nxd4 Nf6 5. Nc3 Nc6 6. Be2 e6 7. Be3 Be7 8. O-O O-O 9. Nb3 Bd7 10. f4 a6 11. a4 Rc8 12. a5 Nb4 13. Bf3 Bc6 14. Rf2 d5 15. Rd2 Qc7 16. e5 Ne4 17. Bb6 Nxc3 18. bxc3 Qd7 19. cxb4 Bxb4 20. Rf2 f6 21. Qd4 Be7 22. Rd1 fxe5 23. fxe5 Bg5 24. Qg4 Be7 25. Nd4 g6 26. Qxe6+ Qxe6 27. Nxe6 Rf5 28. Bg4 Rxf2 29. Kxf2 Ba4 30. Nd4 Re8 31. Be6+ Kg7 32. Bxd5 Bb4 33. Ne6+ Kh8 34. Bd4 Bxa5 35. Ng5 Bc6 36. e6+ Kg8 37. Bb3 Kf8 38. Nxh7+ Kg8 39. Nf6+ 1-0

[Event "Toronto-ch Reserves"]
[Site "Toronto CAN"]
[Date "1999.02.07"]
[Round "6"]
[White "Sumangil, Tracy"]
[Black "Cohen, David"]
[Result "1-0"]
[WhiteElo "1888"]
[BlackElo "2043"]
[PlyCount "95"]
[GameId "2160767911805761"]
[EventDate "1999.01.19"]
[EventType "tourn"]
[EventRounds "9"]
[EventCountry "CAN"]

1. Nf3 d5 2. g3 Nc6 3. Bg2 e5 4. d3 Nf6 5. O-O Be7 6. c4 Be6 7. Nc3 d4 8. Na4 h6 9. a3 Rb8 10. b4 b5 11. cxb5 Rxb5 12. Nc5 Bxc5 13. Qa4 Qb8 14. bxc5 Bb3 15. Qa6 Rxc5 16. Nd2 Bd5 17. Bxd5 Nxd5 18. Ne4 Qb5 19. Nxc5 Qxc5 20. Bd2 O-O 21. Bb4 Ncxb4 22. axb4 Qxb4 23. Qxa7 Nc3 24. Rfe1 c5 25. Qc7 Re8 26. Ra7 Rf8 27. Qxe5 Qb2 28. Rc7 Na4 29. e3 Qd2 30. exd4 cxd4 31. Qe7 g5 32. Rc6 g4 33. Qe2 Qg5 34. Qe4 Rd8 35. Qe7 Nb2 36. Qe4 Na4 37. Rc7 Nb2 38. Ra7 Qg7 39. Qe2 Rb8 40. Rb1 Qg6 41. Rxb2 Rxb2 42. Qxb2 Qxd3 43. Qb7 Qf5 44. Ra8+ Kg7 45. Qb8 Qd3 46. Qh8+ Kg6 47. Rg8+ Kh5 48. Qe5+ 1-0